000 00419nam a2200157 a 4500
005 20140412111235.0
008 010530s19uu xx 00 eng d
020 _a0-307-11838-X
050 _aER
_bJu98 1975
100 _aMayer, Mercer
245 _aJust for you /
_cby Mercer Mayer.
260 _aNew York :
_bA Golden Book,
_c1975.
300 _a1v. (unp.) ; ill.
650 _aChildren's stories
999 _c102420
_d102420